000 00448nam a2200169 a 4500
001 14149
003 CO-ViMGA
008 141112s2004 ck r 000 u spa d
040 _aCO-ViMGA
_bspa
_cCO-ViMGA
082 0 4 _a690 C789a
100 1 _aCruz B., Rafael
_920685
245 1 0 _aApuntes de construccion
260 _aSantafé de Bogotá :
_bUniversidad Nal. de Colombia,
_c1987
300 _a69
650 1 4 _aCONSTRUCCION
_952240
942 _2ddc
_cBK
999 _c24848
_d24848